| 000 | 00411 a2200133 4500 | ||
|---|---|---|---|
| 999 |
_c30384 _d30384 |
||
| 003 | NUST | ||
| 005 | 20180118113548.0 | ||
| 008 | 180118b xxu||||| |||| 00| 0 eng d | ||
| 020 | _a978-0-470-44256-2 | ||
| 040 | _cNUST | ||
| 082 | _a174.4 | ||
| 100 |
_aCollins, Denis _98601 |
||
| 245 |
_aEssentials of business ethics : creating an organization of high integrity and superior performance _cDenis Collins |
||
| 260 |
_aNew Jersy _bJohn Wiley & Sons _c2009 |
||
| 300 | _axxv, 291 | ||
| 942 |
_aSNS _cBK _k174.4 COL _2ddc |
||